Désirée

Bibliographic Details
Main Author: Selinko, Annemarie, 1914-1986 (Author)
Other Authors: Petro, Jozef, narodený 1919 (Translator), Greguš, Martin (nob)
Format: Book
Language:Slovak
PhysicalDescription:519 s., 39,12 AH, 39,80 VH 21 cm
Published: Bratislava Smena 1992
ISBN:802210244X
Edition:3. vyd.
Series:Eva zv. 120
Subjects:

MARC

LEADER 00000nam a2200000 a 4500
001 vtls001070527
003 SK-MaSNL
005 20260413115307.0
008 251031s1992 xo 0 slo
015 |a SNBA1993/02 
020 |a 802210244X 
035 |a SNK000013358 
040 |a SNK  |b slo  |c SNK  |e AACR2 
041 0 |a slo 
044 |a xo  |c SK 
080 |a 830-3  |2 1981 
100 1 |a Selinko, Annemarie,  |d 1914-1986  |4 aut  |9 444724 
240 1 0 |a Désirée  |l Slovensky 
245 1 0 |a Désirée  |c Annemarie Selinko ; Prekl. Jozef Petro ; Aut. obál. Martin Greguš 
250 |a 3. vyd. 
260 |a Bratislava  |b Smena  |c 1992  |e Žilina  |f Danubiaprint 
300 |a 519 s., 39,12 AH, 39,80 VH  |c 21 cm 
490 0 |a Eva  |v zv. 120 
655 7 |a umelecká literatúra  |2 SNK  |9 60405 
700 1 |a Petro, Jozef,  |d narodený 1919  |4 trl  |9 184143 
700 1 |a Greguš, Martin  |4 nob  |9 268226 
852 |a Slovenská národná knižnica 
919 |a 80-221-0244-X 
954 |a beletria cudzojazyčná (svetová)  |2 lita 
954 |a romány ženské 
958 |a LX 
958 |a TL 
958 |a UP 
958 |a NS 
968 |b DT  |d Z nem. orig. 
999 |c 704849  |d 706779 
952 |t P60, <05>, [BOOK], {605}  |a SNK  |b SNK  |y PREZ  |7 0  |p 17A0135262  |o snkSC 83102 D1  |0 0  |1 0  |4 0  |d 1998-04-17  |l 0  |r 2004-12-31 00:00:00  |w 2026-02-23 
952 |a SNK  |b SNK  |y PREZ  |7 0  |p 17A0966569  |o snkSC 83102   |0 0  |1 0  |4 0  |d 2012-08-15  |l 0  |r 2025-08-20 00:00:00  |w 2026-02-23